000
00292nam a22001217a 4500
999
_c
5066
_d
5066
008
250516b ||||| |||| 00| 0 eng d
020
_a
9781499483055
082
_a
597.8 HOW
100
_a
HOWELL,IZZI
_e
AUTHOR
245
_a
AMPHIBIANS
260
_a
NEW YORK
_b
WINDMILL BOOKS
_c
2018
942
_2
ddc